| 000 | 00625nam a22002417a 4500 | ||
|---|---|---|---|
| 003 | UA-OsUOA | ||
| 001 | 31688 | ||
| 007 | ta | ||
| 008 | 20050111b un ||||| |||| 00| 0 ukr d | ||
| 100 | _aЛаврентий | ||
| 090 |
_a94(437.1) _bЛ13 |
||
| 942 | _cBK | ||
| 040 |
_aUA-OsUOA _brus _cUA-OsUOA _dUA-OsUOA |
||
| 245 |
_aГуситская хроника _cЛаврентий |
||
| 300 |
_a330 с. _bІлюстрації |
||
| 955 | _a0 | ||
| 041 | _arus | ||
| 080 | _a94(437.1) | ||
| 260 |
_aМосква _bИзд-во Академии Наук СССР _c1962 |
||
| 044 | _aRU | ||
| 650 | 7 | _2UDC | |
| 999 |
_c318118 _d318118 |
||